[Event "Podolsk"]
[Site "Podolsk"]
[Date "1993.??.??"]
[Round "?"]
[White "Ehlvest, Jaan"]
[Black "Shneider, Aleksandr"]
[Result "0-1"]
[WhiteElo "2620"]
[BlackElo "2560"]
[Annotator "Dautov,R"]
[PlyCount "70"]
[EventDate "1993.10.??"]
[EventType "tourn"]
[EventRounds "9"]
[EventCountry "RUS"]
[EventCategory "14"]
[SourceTitle "CBM 038"]
[Source "ChessBase"]
[SourceDate "1994.02.01"]
[SourceVersion "1"]
[SourceVersionDate "1994.02.01"]
[SourceQuality "1"]

1. d4 Nf6 2. c4 e6 3. Nf3 b6 4. g3 Ba6 5. Nbd2 d5 6. cxd5 exd5 7. Bg2 Be7 8.
O-O O-O 9. Ne5 Bb7 10. b3 {N} (10. Ndf3 c5 11. dxc5 (11. b3 Nbd7 12. Bb2 Re8
13. Rc1 Ne4 14. Rc2 Nxe5 15. Nxe5 Bd6 16. Nd3 Rc8 $10 {Ehlvest-Psakhis/Tilburg/
1992}) 11... bxc5 12. Bf4 Na6 13. Rc1 h6 14. Nd2 Rb8 15. Nd3 Bd6 $10 {
Oll-Razuvaev/Rostov na Donu op/1993}) 10... c5 11. Bb2 Nc6 $5 (11... Nbd7 12.
Nxd7 Qxd7 13. dxc5 bxc5 14. Rc1 Qe6 $10) 12. Nxc6 Bxc6 13. Rc1 (13. dxc5 bxc5
14. Rc1 {/\Bxf6} (14. Nc4 Rc8 15. Ne5 Ba8 $10) 14... Qb6 (14... Nd7 $6 15. Nc4
$1) 15. Qc2 Nd7 $13 {/\} 16. e4 d4 17. Bxd4 $2 Bb5 $15) 13... Bb5 14. dxc5 Bxc5
(14... bxc5 $2 15. Bxf6 $16) 15. Nb1 $6 (15. Bxf6 $6 Qxf6 16. Bxd5 Rad8 17. Ne4
(17. Bc4 Bxc4 18. bxc4 Bb4 19. Ne4 Qe7 20. Qc2 f5 21. Nc3 Bxc3 22. Qxc3 Qxe2
$10) 17... Qe5 18. Nxc5 Qxd5 19. Qxd5 Rxd5 20. Nd3 Bxd3 21. exd3 Rxd3 $10) (15.
a3 Qe7 16. Bxf6 gxf6 $13) (15. Nf3 $1 Re8 (15... Qe7 16. Rc2 (16. Re1 $4 Bxf2+
17. Kxf2 Ng4+ $19) 16... Rfe8 17. Nd4 $14) 16. Re1 $1 (16. Rc2 Rc8 $132) 16...
Rc8 (16... Bb4 17. Bc3 $14) 17. a3 a5 (17... Ne4 18. e3 $14) 18. e3 $14 {/\Nd4}
) 15... Ba6 $1 (15... Re8 $2 16. Bxf6 Qxf6 17. Nc3 Ba6 18. b4 $1 Bf8 (18...
Bxb4 $2 19. Nxd5 Qd6 20. Nxb4 Qxb4 21. Bxa8 $18) 19. Nxd5 Qe5 20. Qb3 Bxe2 21.
Rfe1 $16) 16. Rc2 (16. Bxf6 Qxf6 17. Nc3 Rad8 18. Nxd5 Qe6 19. Rc2 Rd6 20. Rd2
Rfd8 $44 {/\Bb4}) 16... Re8 17. Nc3 $6 (17. Bxf6 Qxf6 18. Nc3 Rad8 19. Nxd5 Qe6
20. Bf3 Rd6 $44) (17. a3 Ne4 18. b4 Bf8 $132) 17... d4 18. Na4 Rc8 $15 19. Nxc5
(19. Bf3 d3 $1 20. Bxf6 (20. Rd2 Bb4 $17) (20. Nxc5 dxc2 21. Qxd8 Rexd8 22.
Nxa6 Rd1 23. Bc1 Rxf1+ 24. Kxf1 Rd8 $17) 20... dxe2 $1 21. Bxe2 Qxd1 22. Rxd1
Bxf2+ $19) 19... bxc5 20. Bf3 Nd7 $1 (20... d3 $2 21. Rd2) 21. Rd2 Ne5 22. Bg2
Qb6 23. Re1 Bb7 24. e4 $2 (24. e3 Bxg2 25. Kxg2 Qb7+ 26. f3 Ng4 27. exd4 Ne3+
28. Rxe3 Rxe3 29. dxc5 Rce8 $15) 24... a5 25. f4 Nc6 26. h4 a4 $17 27. h5 (27.
bxa4 $2 c4 28. Bxd4 Nxd4 29. Rxd4 Red8 $19) 27... axb3 28. axb3 Na5 29. Rd3 Ba6
30. Rf3 Rcd8 $19 31. Bc1 (31. Bf1 c4 $19 (31... d3 $19)) 31... d3 32. Bb2 Nxb3
33. Bc3 d2 34. Ree3 c4 35. Kh2 Bb7 0-1

[Event "Las Palmas"]
[Site "Las Palmas"]
[Date "1993.??.??"]
[Round "5"]
[White "Georgiev, Kiril"]
[Black "Christiansen, Larry Mark"]
[Result "1/2-1/2"]
[WhiteElo "2660"]
[BlackElo "2620"]
[Annotator "Dautov,R"]
[PlyCount "73"]
[EventDate "1993.06.??"]
[EventType "tourn"]
[EventRounds "9"]
[EventCountry "ESP"]
[EventCategory "16"]
[SourceTitle "CBM 036"]
[Source "ChessBase"]
[SourceDate "1993.10.01"]
[SourceVersion "1"]
[SourceVersionDate "1993.10.01"]
[SourceQuality "1"]

1. d4 Nf6 2. c4 e6 3. Nf3 b6 4. g3 Bb4+ 5. Bd2 Bxd2+ 6. Qxd2 Ba6 7. b3 d5 8.
cxd5 exd5 9. Nc3 (9. Qe3+ Qe7 10. Qxe7+ Kxe7 11. Nc3 Nbd7 12. Bh3 Rhe8 13. O-O
Kf8 14. Rfc1 c6 $10 {Hjartarson-Agdestein/Gausdal zt/1987}) 9... O-O 10. Bg2
Ne4 $6 {N} (10... Re8 11. Ne5 $1 (11. O-O Ne4 12. Nxe4 dxe4 13. Ng5 Nc6 14. Qf4
f6 15. Nxe4 Nxd4 16. Nc3 g5 17. Qg4 Nxe2+ 18. Nxe2 Bxe2 19. Qa4 Bxf1 20. Bxa8
Bh3 $15 {Beliavsky-Gelfand/Linares/1993}) 11... c5 12. O-O Bb7 $13) 11. Nxe4
dxe4 12. Ng5 (12. Ne5 $5 f5 13. f3 (13. O-O c5 14. d5 Nd7 $132) (13. Rd1 Nd7
14. Nc6 Qf6 $132) 13... Nd7 14. Nc6 Qf6 15. Rc1 e3 $1 16. Qc2 $13) 12... Nc6
13. Bxe4 (13. Rd1 $6 Nxd4 14. Qxd4 Qxg5 15. Bxe4 Rad8 $17) (13. d5 e3 $1 14.
Qxe3 Re8 15. Be4 Nb4 16. O-O (16. Bxh7+ $6 Kh8 $1 (16... Kf8 $2 17. Ne6+ fxe6
18. Qf4+ Qf6 19. Qxb4+ Re7 20. O-O exd5 21. Bd3 $16) 17. Be4 Nc2+ 18. Bxc2 Rxe3
19. Nxf7+ Kg8 20. Nxd8 Rxe2+ 21. Kd1 Rxd8 $17) 16... h6 $10 (16... Nxd5 $6 17.
Qf3 Nf6 18. Bxa8 Bxe2 19. Qf4 Bxf1 20. Bc6 $16)) 13... Nxd4 14. Bxh7+ (14. Bxa8
$2 Qxa8 15. O-O-O Nxe2+ 16. Kb2 h6 17. Nh3 Qe4 $40) 14... Kh8 15. Bd3 Bxd3 16.
Qxd3 Qxg5 17. Qxd4 Rae8 (17... Rad8 18. Qc3 c5 19. O-O Rd2 20. Qf3 Kg8 21. Rfd1
$16) (17... Rfe8 $5 18. Qc4 (18. e3 $1 Rad8 19. Qc3 $16 {/\0-0}) 18... Qa5+ 19.
Kf1 Qd2 20. Re1 (20. Qxf7 $2 Qxe2+ 21. Kg2 Rf8 22. Rhe1 Qg4 23. Qd5 Rad8 $10)
20... Kg8 $44) 18. e3 (18. Qc4 Qa5+ 19. Kf1 Qd2 $44) 18... Qb5 19. Qc4 (19.
O-O-O $5 c5 20. Qd5 Qb4 21. Kb2 $16) 19... Qxc4 20. bxc4 Re5 $1 (20... Re4 21.
Rc1 Rd8 22. Ke2 $16) 21. O-O-O $6 (21. Ke2 $1 Rc5 22. Rac1 Rd8 23. h4 (23. Rhd1
$5 Rxd1 24. Kxd1 g5 25. h3 Rc6 26. Kd2 Rh6 27. c5 $16) 23... Rd6 24. Rhd1 Rdc6
25. Rd4 Ra5 (25... b5 $2 26. cxb5 $1) 26. Rc2 $16) 21... Rf5 $1 (21... Rc5 22.
Rd4 b5 23. Kc2 bxc4 24. Rb1 $16) 22. Rhf1 $6 (22. f4 {>=} Re8 23. Rhe1 Rc5 24.
Rd4 b5 25. e4 bxc4 26. Re3 $16) 22... Re8 $132 23. Kc2 (23. Rd7 Rxe3 24. Rxc7
Re2 25. Rxa7 Rfxf2 26. Rxf2 Rxf2 $10) 23... c6 24. h4 (24. Rd7 Rxe3 25. fxe3
Rxf1 26. Rxa7 Rf2+ 27. Kb3 Rxh2 28. Rxf7 Re2 29. Re7 Rg2 $10) 24... g6 25. g4
$6 (25. Rd3 Re4 26. Kb3 Rg4 27. Rdd1 (27. Rd7 Rxg3 28. fxg3 Rxf1 29. Rxa7 Rf3
$10) 27... Kg7 $10 {><f2,c4}) 25... Rf3 26. Kd3 Kg7 27. Ke2 Rf4 $10 28. c5 Rxg4
29. Rd6 bxc5 30. Rxc6 Rxh4 31. Rxc5 Ra4 32. Rc2 Re6 33. Rd1 Rea6 34. Rdd2 g5
35. Kf3 Kg6 36. Kg3 f6 37. Rb2 1/2-1/2

[Event "Hoogovens"]
[Site "Wijk aan Zee"]
[Date "1993.01.??"]
[Round "1"]
[White "Kortschnoj, Viktor Lvovich"]
[Black "Christiansen, Larry Mark"]
[Result "0-1"]
[WhiteElo "2605"]
[BlackElo "2620"]
[Annotator "Dautov,R"]
[PlyCount "80"]
[EventDate "1993.01.??"]
[EventType "k.o."]
[EventRounds "5"]
[EventCountry "NED"]
[SourceTitle "CBM 034"]
[Source "ChessBase"]
[SourceDate "1993.06.01"]
[SourceVersion "1"]
[SourceVersionDate "1993.06.01"]
[SourceQuality "1"]

1. d4 Nf6 2. c4 e6 3. Nf3 b6 4. g3 Ba6 5. Nbd2 Bb4 6. a3 $6 {N} (6. Qc2) (6.
Qb3) (6. Qa4) 6... Bxd2+ 7. Nxd2 Nc6 $6 (7... Bb7 $1 8. d5 $6 (8. f3 c5 $10 (
8... d5 $10)) (8. Nf3 O-O 9. Bg2 d6 $10) 8... exd5 9. Bg2 O-O 10. O-O (10. Nb3
c6 11. cxd5 Nxd5 12. Bxd5 cxd5 $10) 10... Bc6 11. cxd5 Nxd5 12. e4 Ne7 (12...
Nf6 13. e5 Bxg2 14. Kxg2 $44) 13. b3 d6 14. Bb2 Nd7 $15) 8. e3 $1 (8. Bg2 Nxd4
9. Bxa8 Qxa8 10. O-O Qc6 $1 11. e3 Nf5 $44) 8... O-O (8... d5 9. Qa4 Bb7 10.
Bg2 $14) 9. b4 $1 $14 (9. Bg2 Na5 $1 10. b3 (10. Bxa8 Qxa8 11. O-O Nxc4 $44)
10... d5 11. Qc2 c5 12. dxc5 bxc5 $10) 9... Bb7 10. Bg2 d5 11. O-O (11. c5 $5
bxc5 (11... a6 12. Bb2 $16) 12. dxc5 Ne5 13. Qe2 $1 a5 14. Bb2 Ned7 15. O-O e5
$14) 11... dxc4 12. Nxc4 Na5 $1 13. Nxa5 (13. Bxb7 $5 Nxb7 14. Qf3 (14. Bb2 Qd5
$132 {/\d5}) 14... Qd5 (14... Nd6 15. Ne5 $16) 15. Qxd5 exd5 16. Ne5 Nd6 17. a4
a6 $1 18. Bd2 b5 19. axb5 axb5 20. Ra5 Nc4 21. Nxc4 bxc4 22. Rfa1 $14) 13...
Bxg2 14. Kxg2 bxa5 15. bxa5 Qd5+ 16. f3 (16. Qf3 Qxa5 17. e4 Rfd8 (17... c5 18.
Bg5 Nd7 19. d5 $14) 18. Be3 Rab8 $10) (16. Kg1 $5 Qxa5 17. Bd2 Qa6 (17... Qf5
18. Rc1 $14) 18. Qc2 $14) 16... Qxa5 17. Bd2 Qa6 18. Bb4 Rfe8 (18... Nd5 19.
Qd2 Nxb4 20. axb4 Qd6 21. Qc3 $14) 19. Re1 Rad8 20. Qc2 (20. Qe2 $1 Qa4 21.
Rac1 $14) 20... Nd5 21. Bc5 h6 22. Rac1 {/\Qc4} Nb6 23. Bb4 Nd5 24. Bc5 Nb6 25.
Kf2 (25. Red1 $142 $1 $14 Nd5 26. Kf2) 25... e5 $1 26. dxe5 Nd7 $132 {><d3} 27.
Red1 Nxe5 28. Bd4 Rd5 (28... Qe6 $142 $13) 29. Qe2 (29. e4 $2 Rxd4 30. Rxd4 Qf6
31. Qc3 Nxf3 32. Ra4 Nd4+ 33. Kg2 Rxe4 $17) 29... Qe6 (29... Qxa3 30. Rxc7 a5
31. f4 Ng6 32. Qc4 $14) 30. Bxa7 Ra5 31. Bc5 (31. Rxc7 Qh3 32. Kg1 $16) 31...
Qh3 32. Kg1 Qf5 33. Bb4 Nxf3+ 34. Kg2 Ng5 35. Bxa5 Qxa5 (35... Qe4+ $2 36. Kf2
$8 Nh3+ 37. Ke1 $16) 36. Qd3 $2 {Offensichtlich Zeitnot} (36. h4 $1 Qa8+ 37.
Kg1 Nf3+ 38. Kf2 Ne5 39. Rxc7 Re6 40. e4 $16) 36... Qa8+ 37. Qd5 Qxa3 38. h4 $4
(38. Qd3 Qa8+ 39. Qd5 $10) 38... Rxe3 $19 39. hxg5 $6 Rxg3+ 40. Kf1 (40. Kh2
Rh3+ 41. Kg1 Qe3+ 42. Kg2 Rg3+ 43. Kh1 Rg1+ $1) 40... Qe3 0-1

[Event "GER-ch 74th"]
[Site "Saarbruecken"]
[Date "2002.11.30"]
[Round "9"]
[White "Dautov, Rustem"]
[Black "Slobodjan, Roman"]
[Result "1-0"]
[WhiteElo "2617"]
[BlackElo "2521"]
[Annotator "Dautov,R"]
[PlyCount "105"]
[EventDate "2002.11.22"]
[EventType "swiss"]
[EventRounds "9"]
[EventCountry "GER"]
[SourceTitle "CBM 093"]
[Source "ChessBase"]
[SourceDate "2003.04.01"]
[SourceVersion "1"]
[SourceVersionDate "2003.04.01"]
[SourceQuality "1"]

1. d4 Nf6 2. c4 e6 3. Nf3 b6 4. g3 Ba6 5. b3 d5 6. cxd5 exd5 7. Bg2 Bb4+ 8. Bd2
Bxd2+ 9. Qxd2 O-O 10. O-O $6 ({Energischer ist} 10. Nc3 $1 Re8 (10... Qe7 11.
Ne5 Bb7 12. O-O c5 13. e3 Na6 14. Rac1 Rfd8 15. Rfd1 Nc7 16. Qb2 Ne6 $11 {
Shipov,S-Goldin,A/St Petersburg 1993}) (10... Ne4 11. Nxe4 dxe4 12. Ng5 Nc6 13.
Bxe4 Nxd4 14. Bxh7+ Kh8 15. Bd3 Bxd3 16. Qxd3 Qxg5 17. Qxd4 Rae8 18. e3 Qb5 19.
Qc4 $16 {Georgiev,K-Christiansen,L/Las Palmas 1993}) 11. Ne5 $1 c5 12. O-O Bb7
13. Rfd1 Na6 14. e3 Qe7 15. Rac1 Rac8 16. Qb2 Nc7 17. a3 cxd4 18. exd4 Ne6 19.
f4 Red8 20. b4 Ne4 $11 {Khalifman-Chandler/BL 9192}) 10... Re8 11. Re1 (11. Ne5
Nbd7 12. Nc6 $2 Rxe2 $15) 11... Qd6 $146 (11... Nbd7 12. e3 Ne4 13. Qb2 c5 14.
Nc3 cxd4 15. exd4 Ndf6 16. Ne5 Nxc3 17. Qxc3 Rc8 18. Qb2 Qd6 $10 {Farago-Lau/
Wuppertal/1986}) (11... c5 12. Nc3 Nc6 13. dxc5 bxc5 14. Rac1 Rc8 15. Nh4 d4
16. Na4 $14 {Portisch,L-Ljubojevic,L/Reykjavik 1987}) 12. e3 Nbd7 13. Nc3 c6 $6
{Die Passivität im Zentrum bringt Schwarz nichts Gutes. Er sollte sich in der
einen oder anderen Form für das Spiel mit c7-c5 entscheiden.} (13... Ne4 14.
Qb2 c5 $11) (13... c5 14. Rac1 Rac8 $11) 14. Rac1 Rad8 15. Red1 Bb7 16. Qb2 Ng4
$2 {Hier hatte Roman die letzte Möglichkeit für c6-c5. Sein Vorhaben, die
weiße Struktur auf dem Königsflügel zu lockern, ist der verlorenen Zeit
keineswegs wert.} (16... c5 $1) 17. h3 Ngf6 18. b4 $1 $14 {Nun ist Schwarz zu
Passivität verurteilt, während Weiß seine Stellung mit a4-a5 verbessern kann.}
Qb8 $6 (18... Ne4 $14) 19. a4 Ne4 $2 {Diese Fehlentscheidung kostet Schwarz
einen Bauern.} 20. Nxe4 dxe4 (20... Rxe4 21. Ne5 $16) 21. Ng5 $16 Nf6 22. Qb1
$1 c5 23. bxc5 Bd5 (23... bxc5 24. Rxc5 h6 25. Rb5 Rd7 26. Nxe4 $18) 24. h4 {
Weiß hat einen Mehrbauern bei überragender Stellung. Der Rest ist leicht
verständlich.} bxc5 25. Rxc5 Qd6 26. Rdc1 Rb8 27. Rb5 h6 28. Nh3 a6 29. Rb2
Rxb2 30. Qxb2 Rb8 31. Qc3 Rb4 32. Qc8+ Kh7 33. Nf4 Bb7 34. Qc7 Qf8 $2 $138 (
34... Qxc7 $142 35. Rxc7 Kg8 $16) 35. h5 $18 Rb2 36. Bh3 Kg8 37. Bf5 Rb4 38.
Rc5 Qe8 39. a5 Qf8 40. Kg2 Rb2 41. Re5 Ba8 42. Bc8 Ne8 43. Qc3 Rb8 44. Bxa6 Nf6
45. Rc5 Qd6 46. Rc8+ Kh7 47. Qc7 Qxc7 48. Rxc7 Nd5 49. Rxf7 Rb2 50. Nxd5 Bxd5
51. Rd7 Bc6 52. Rc7 Bd5 53. Bc8 1-0

[Event "Hoogovens"]
[Site "Wijk aan Zee"]
[Date "1993.01.??"]
[Round "2"]
[White "Karpov, Anatoly"]
[Black "Christiansen, Larry Mark"]
[Result "1-0"]
[WhiteElo "2725"]
[BlackElo "2620"]
[Annotator "Dautov,R"]
[PlyCount "93"]
[EventDate "1993.01.??"]
[EventType "k.o."]
[EventRounds "5"]
[EventCountry "NED"]
[SourceTitle "CBM 034"]
[Source "ChessBase"]
[SourceDate "1993.06.01"]
[SourceVersion "1"]
[SourceVersionDate "1993.06.01"]
[SourceQuality "1"]

1. d4 Nf6 2. c4 e6 3. Nf3 b6 4. g3 Ba6 5. b3 b5 6. cxb5 Bxb5 7. Bg2 Bb4+ 8. Bd2
a5 9. O-O O-O 10. Re1 $5 {N} (10. a3 Be7 (10... Bxd2 $142 11. Nfxd2 d5 12. Nc3
c6 $10) 11. Nc3 Ba6 12. Qc2 d5 13. Rfc1 Nbd7 14. e4 c5 15. exd5 exd5 16. Be3
Rc8 17. Qd1 Re8 18. Bh3 Rb8 19. Bf4 Rb7 20. Ne5 $16 {Karpov,An-Christiansen,L
Wijk m 25' 1993}) (10. Bg5 d5 11. a3 Be7 12. Nc3 Ba6 13. Ne5 Nfd7 14. Bxe7 Qxe7
15. Nxd7 Nxd7 $10 {Hansen,C-Lobron,E Wijk m 1993}) (10. Nc3 Bc6) 10... Bc6 (
10... d5 11. Nc3 Bxc3 12. Bxc3 a4 (12... Nbd7 13. a4 Bc6 14. Qc2 $16) 13. b4
$14) 11. a3 Be7 (11... Bxd2 12. Nbxd2 {/\e4} (12. Qxd2 $5) 12... d5 13. Ne5 Bb7
14. Qc2 $16) 12. Qc2 (12. Nc3 $1 Ne4 13. Qc2 $1 (13. Ne5 Nxd2 (13... Nxc3 14.
Bxc3 Bxg2 15. Kxg2 Bf6 16. Qd2 d6 17. Nc4 Nc6 $13) 14. Nxc6 Nxc6 15. Bxc6 dxc6
16. Qxd2 Rb8 $10) 13... Nxd2 (13... Nxc3 14. Bxc3 $14) 14. Qxd2 $14 f5 $6 15.
d5 exd5 16. Nxd5 $16) 12... Be4 13. Qb2 Nc6 14. Nc3 Bxf3 $1 15. Bxf3 Nxd4 16.
Bxa8 Qxa8 $44 17. Be3 Nf5 (17... c5 $6 18. Bxd4 cxd4 19. Nb5 e5 20. e3 dxe3 21.
Rxe3 d6 22. Rc1 $16) 18. Bf4 c5 (18... Qb7 $5 19. Rad1 (19. Rac1 Rb8 {><b3})
19... Bc5 $1 $36) 19. a4 d5 20. Nb5 Rc8 (20... h6 $5 $44) 21. Rac1 h6 22. Qc2
d4 23. Na3 (23. e4 dxe3 24. Bxe3 (24. fxe3 Nd5 $44) 24... Ng4 25. Bf4 Qf3 26.
h3 Nf6 $44 {/\Nh4}) 23... Bd6 24. Bd2 (24. Bxd6 Nxd6 25. Nc4 Nxc4 26. Qxc4 Ne4
$10) 24... Ne4 25. Qd3 (25. Nc4 Bc7 26. Qd3 $13) 25... Nxd2 $5 26. Qxd2 c4 $1
27. Nxc4 Bb4 28. Qd3 Bxe1 29. Nb6 Rxc1 30. Nxa8 Bb4+ (30... h5 $1 31. Kg2 (31.
Nb6 h4 32. g4 $2 Ne3 $1 33. fxe3 h3 34. Qc4 Ra1 $19) (31. Qb5 g5 32. Nb6 g4 $44
) 31... g6 $5 $44) 31. Kg2 Rc3 32. Qa6 d3 $2 (32... h5 $142 $1 $13) 33. exd3
Rc2 34. Nb6 $16 h5 (34... Be1 35. g4 $1 Nh4+ (35... Rxf2+ $2 36. Kg1 $18) (
35... Bxf2 $2 36. gxf5 Bxb6+ 37. Kf3 $18) 36. Kf1 Bxf2 37. d4 $1 $16 {/\Qa8,/
\Qd3}) (34... Bc5 35. Qc8+ Kh7 36. Kh3 $16) 35. Nc4 g5 36. Qa8+ Kg7 37. Qe4 Bc3
38. Ne3 Nxe3+ 39. Qxe3 $18 Bf6 40. d4 Rc7 41. Qd2 Rd7 42. Qxa5 Rxd4 43. b4 Rd5
44. b5 g4 45. h3 Bd4 46. hxg4 hxg4 47. Qb4 1-0

[Event "Baden-Baden"]
[Site "Baden-Baden"]
[Date "1992.12.09"]
[Round "5"]
[White "Karpov, Anatoly"]
[Black "Lobron, Eric"]
[Result "1-0"]
[WhiteElo "2715"]
[BlackElo "2625"]
[Annotator "Dautov,R"]
[PlyCount "65"]
[EventDate "1992.12.??"]
[EventType "tourn"]
[EventRounds "11"]
[EventCountry "GER"]
[EventCategory "14"]
[SourceTitle "CBM 033"]
[Source "ChessBase"]
[SourceDate "1993.04.01"]
[SourceVersion "1"]
[SourceVersionDate "1993.04.01"]
[SourceQuality "1"]

1. d4 Nf6 2. c4 e6 3. Nf3 b6 4. g3 Ba6 5. b3 Bb7 6. Bg2 Bb4+ 7. Bd2 a5 8. O-O
O-O 9. Qc2 h6 10. a3 {N} (10. Nc3 Na6 11. a3 Bxc3 12. Bxc3 Be4 13. Qb2 d5 14.
Rfd1 c6 15. Bd2 Qe7 {1/4:1/4 Psakhis,L-Karpov,An Baden-Baden 1992}) (10. Nc3
Re8 11. a3 Bxc3 12. Bxc3 Be4 13. Qd1 d5 14. Rc1 Nbd7 15. Re1 Qc8 16. Bf1 Qb7
17. Nd2 Bh7 18. Bb2 c6 19. e3 b5 $13 {Karpov,An-Anand,V Tilburg 1991 53/505})
10... Be7 (10... Bxd2 $142 11. Nbxd2 d5 (11... Na6 12. e4 d6 13. Rfe1 $14) 12.
cxd5 exd5 13. Rac1 Na6 14. e3 c5 15. Rfd1 {/\Nb1-c3}) 11. Nc3 d5 12. Rfd1 Qc8
$6 (12... Na6 13. cxd5 exd5 14. Bf4 (14. Nh4 Re8 15. Nf5 Bf8 $14) 14... Nh5 15.
Be3 $14 {/\Ne5}) 13. cxd5 exd5 (13... Nxd5 14. e4 (14. Nxd5 exd5 15. b4 $14)
14... Nxc3 15. Bxc3 Nd7 16. Bb2 $14) 14. Bf4 Rd8 $6 (14... Na6 15. Nh4 (15. Nb5
Qd7 $1) 15... Re8 16. Nf5 Bf8 17. Bh3 Qd8 18. Nb5 $16) (14... Nh5 $142) 15. Nh4
$16 Bf8 16. Nf5 Rd7 $6 17. Ne3 Qd8 18. Be5 c6 19. Bh3 Re7 20. Bxf6 gxf6 21. Nf5
Re8 22. Qd2 Kh7 23. Qd3 Ba6 24. Qf3 Bc8 (24... Nd7 $2 25. Qh5 $18) 25. Qh5 Be6
26. Rd3 $1 Bg7 (26... Nd7 $5 27. Rf3 Bg7 28. Rf4 Rg8 $16) 27. e4 dxe4 $2 28.
Nxe4 Rg8 29. Rf3 $18 Nd7 30. Rc1 Bf8 (30... Bd5 31. Rf4 Ra7 32. Nxg7 Rxg7 33.
Rh4 $18) 31. Rxc6 Rg6 32. Nh4 Ne5 33. Bxe6 1-0

[Event "Bundesliga 0203"]
[Site "Germany"]
[Date "2002.12.13"]
[Round "7.3"]
[White "Dautov, Rustem"]
[Black "Jenni, Florian"]
[Result "1-0"]
[WhiteElo "2617"]
[BlackElo "2483"]
[Annotator "Dautov,R"]
[PlyCount "83"]
[EventDate "2002.10.19"]
[EventType "team-tourn"]
[EventRounds "15"]
[EventCountry "GER"]
[SourceTitle "CBM 093"]
[Source "ChessBase"]
[SourceDate "2003.04.01"]
[SourceVersion "1"]
[SourceVersionDate "2003.04.01"]
[SourceQuality "1"]
[WhiteTeam "Baden Oos"]
[BlackTeam "Stuttgart"]
[WhiteTeamCountry "GER"]
[BlackTeamCountry "GER"]

1. d4 Nf6 2. c4 e6 3. Nf3 b6 4. g3 Ba6 5. b3 b5 6. cxb5 Bxb5 7. Bg2 Bc6 ({
Mehr verbreitet ist 7...d5.} 7... d5 8. O-O Nbd7 9. Nc3 Ba6 10. Ne5) 8. O-O Qc8
9. Bg5 $5 (9. Nc3 Bb4 10. Bb2 O-O 11. Rc1 Bxc3 12. Rxc3 Qb7 $44) (9. Nbd2 Qb7
10. Bb2 Be7 11. Qc2 O-O 12. Rac1 $14) 9... Be7 $6 {Eine naheliegende, aber
nicht die beste Antwort. Als Folge kann Weiß die Fesslung des Nf6 ausnutzen
und e2-e4 durchsetzen.} (9... Qb7 10. Bxf6 gxf6 11. Nc3 d5 12. a3 a5 13. Qc2
Nd7 14. Nh4 Be7 15. Rfc1 f5 {Van Wely,L-Timoshenko,G/Ohrid 2001} 16. Nf3 $14) (
{Besser war} 9... Ne4 $1 10. Bf4 {/\Ne5} d6 11. Qc2 Qb7 12. Rc1 Be7 {/\0-0,Rc8}
13. Ne1 Bf6 $1 $13) 10. Nc3 d6 $2 {Ein weiterer Fehler. Schwarz verliert
kostbare Zeit und lockert unnötig die Position seines Bc6.} (10... Qb7 11. Qc2
O-O (11... Na6 12. a3 $16) (11... a5 12. Rfe1 Na6 13. e4 $14) 12. Rfe1 h6 13.
Bxf6 Bxf6 14. e4 $14) 11. Rc1 Qb7 12. Qc2 h6 (12... O-O 13. e4 $16 Nbd7 $2 14.
d5 exd5 15. exd5 Nxd5 16. Nxd5 Bxd5 17. Bxe7 Rfe8 18. Ng5 $18) 13. Bxf6 Bxf6
14. e4 O-O 15. d5 $1 exd5 16. Nxd5 ({Möglicherweise war 16.exd5! besser:} 16.
exd5 $1 Bd7 17. Ne4 Bd8 18. Nd4 a5 19. Nc6 $1 Bxc6 20. dxc6 Qb4 21. Nc3 $1 $16
{/\Nd5}) 16... Bxd5 17. exd5 Na6 18. a3 $1 {Ein wichtiger Zug, der die
Aufstellung Nc5 und a5 verhindert.} Rab8 $6 ({Genauer war} 18... Rae8 19. Nd2
Re7 20. Rfe1 Rfe8 21. Rxe7 Rxe7 22. b4 $16) 19. Nd2 Bg5 20. b4 $16 {[%csl Ra6,
Rc7] ><c7,Na6 Dank der Schwäche c7 und dem passiven Na6 hat Weiß einen klaren
Vorteil.} Rbe8 21. h4 Bxd2 22. Qxd2 Re7 23. Rc4 ({Nicht weniger überzeugend
war der Abtausch aller Türme, wonach das Eindringen der weißen Dame nicht zu
vermeiden wäre:} 23. Rfe1 $5 Rfe8 24. Rxe7 Rxe7 25. Re1 Rxe1+ (25... Kf8 26.
Rxe7 Kxe7 27. Qd3 $1 Qb6 28. Qe4+ Kf8 29. Qh7 Qd4 30. Bf1 $18) 26. Qxe1 Kf8 27.
Qe4 h5 28. Qf5 $1 g6 29. Qd7 $16) 23... Nb8 24. Rfc1 {/\Qc3} a5 $5 {Praktisch
gesehen die beste Verteidigungsmöglichkeit, Schwarz opfert einen Bauern, um
seinen leidenden Springer endlich zu aktivieren.} 25. bxa5 Na6 26. Rg4 Kh8 27.
Qc3 Rg8 28. Re1 Rxe1+ 29. Qxe1 Nc5 $2 ({Nur mit} 29... Qb3 $142 $16 {war noch
Widerstand zu leisten.}) 30. Qe7 $18 Nd3 (30... Qa7 31. Qxf7 Qxa5 32. Kh2 Qxa3
33. Rxg7 $1 Rxg7 34. Qf8+ Kh7 35. Bh3 $18) 31. Qxf7 Qb1+ (31... Ne5 32. Rb4 $18
) 32. Kh2 Ne5 33. Rb4 Qc1 (33... Qxb4 34. Qxg8+ Kxg8 35. axb4 $18) 34. Qf4 Qxa3
35. Ra4 Qb3 36. a6 Nd3 37. Qc4 Qd1 38. Qd4 Nxf2 39. Qxd1 Nxd1 40. a7 Ra8 41.
Ra3 Nf2 42. Bf3 1-0